| 000 | 01300cam a2200337 i 4500 | ||
|---|---|---|---|
| 001 | 2693 | ||
| 005 | 20240111152030.0 | ||
| 020 | _a9780439944502 | ||
| 040 |
_aDLC _beng _erda _cDLC |
||
| 050 | 0 | 0 | _aQ180.2 |
| 082 | _a540 | ||
| 100 | 1 |
_aArnold, Nick _eauthor. |
|
| 245 | 1 | 0 |
_aChemical Chaos / _cby Arnold, Nick : illustrated by De Sulles, Tony |
| 250 | _aThis edition published 2008 | ||
| 260 |
_aLondon : _bScholastic , _c2008 |
||
| 300 |
_a171 pages : _billustrations ; _c21 cm . |
||
| 490 | _aHorrible Science | ||
| 500 | _aContents indicated on side of case. | ||
| 500 | _aAll volumes by Nick Arnold and illustrated by Tony De Saulles. | ||
| 500 | _aEach volume contains own index. | ||
| 505 | 0 | _aT | |
| 520 | _aThis series looks at the nastier side of science. Chemical Chaos tells the stories of experiments that went horribly wrong, reveals the secrets of some very strange scientists, and shows readers how to try some experiments for themselves. | ||
| 521 |
_a810
_bLexile |
||
| 521 |
_aT
_bRaz-Plus |
||
| 650 | 0 |
_aScience _vJuvenile literature. |
|
| 650 | 0 |
_aScience _xStudy and teaching (Primary) |
|
| 700 | 1 |
_aArnold, Nick, _eauthor |
|
| 700 | 1 |
_aDe Saulles, Tony, _eillustrator |
|
| 906 |
_a7 _bcbc _corignew _d2 _encip _f20 _gy-gencatlg |
||
| 942 |
_2ddc _cBK _n0 |
||
| 999 |
_c2693 _d2693 |
||